Trenta passi nella storia del cinema /

Saved in:
Bibliografiske detaljer
Hovedforfatter: Manzoli, Giacomo (Author)
Format: Bog
Sprog:italiensk
Udgivet: Porretta Terme : I quaderni del battello ebbro, [2005]
Serier:Cinema/studi ; 3
Tags: Tilføj Tag
Ingen Tags, Vær først til at tagge denne postø!

MARC

LEADER 00000nam a22000007i 4500
001 IT\ICCU\MOD\0724866
003 ItRI
005 20260115231950.0
008 020504s2005 it |||||| ||||| |||||c
020 |a 8886861397 
020 |a 9788886861649 
040 |b ita  |c importazione bologna sebina 
041 7 |a ita  |2 ISO-639-2 
100 1 |a Manzoli, Giacomo  |0 IT\ICCU\CFIV\120074  |4 aut 
245 1 0 |a Trenta passi nella storia del cinema /  |c Giacomo Manzoli. 
260 |a Porretta Terme :  |b I quaderni del battello ebbro,  |c [2005] 
300 |a 110 p. ;  |c 21 cm 
830 0 |a Cinema/studi ;  |v 3  |0 IT\ICCU\MOD\0724868 
942 |2 ddc  |c BK  |n 0 
952 |0 0  |1 0  |4 0  |6 DOC_791_430000000000000_MAN  |7 0  |9 17982  |a BO  |b BO  |d 2026-01-15  |i 11778  |l 0  |o DOC 791.430 MAN  |p BO11778  |r 2026-01-15 23:19:50  |w 2026-01-15  |x [Sebina 6] [1 v.]  |y BK  |z 1 v. 
999 |c 15285  |d 15285